• 首页
  • 本馆介绍
  • 公告通知
  • 最新文献
  • 馆藏检索
  • 电子资源
  • 读者导购
  • 参考咨询
  • 我的图书馆
  • 登录
  • 详细信息显示
  • 放入我的书架
  • 预约/预借图书
  • 作者相关作品
  • 分类相关作品
  • 丛书相关作品
  • 出版社相关作品

书目信息

  • 表格格式
  • 工作单格式
  • 卡片格式
题名:
第一个女神
    
 
作者: 郑孝时 著
分册:  
出版信息: 上海   上海文艺出版社  1981.06
页数: 187页
开本: 19cm
丛书名:
单 册:
中图分类: I276.5
科图分类:
主题词: 民间文学--中国
电子资源:
ISBN:
000 00674nam0 2200217 45
001 0311251456
005 20040413104112.7
010    @dCNY0.43
091    @a10078.3249
100    @a20031125d1981 km y0chiy0120 ea
101 0  @achi
105    @a z 000yy
200 1  @a第一个女神@ADi Yi Ge Nu Shen@e中国古代神话新编@EZhong Guo Gu Dai Shen Hua Xin Bian@f郑孝时著@FZheng Xiao Shi Zhu
210    @a上海@c上海文艺出版社@d1981.06
215    @a187页@d19cm
517    @a中国古代神话新编@AZhong Guo Gu Dai Shen Hua Xin Bian
606 0  @a民间文学@x中国
690    @aI276.5@v3
701  0 @a郑孝时@4著
801    @aCN@bTSTC@c20031125
905    @dI276.5@e20@f2@b75367-368@b53297@f1
    
    第一个女神:中国古代神话新编/郑孝时著.-上海:上海文艺出版社,1981.06
    187页;19cm
    
    
    ISBN :CNY0.43
    
●
相关链接 在E读中查询图书 在五车中查询图书 在当当中查询图书 在豆瓣中查询图书


正题名:第一个女神     索取号:I276.5/20         预约/预借

序号 登录号 条形码 馆藏地/架位号 状态 备注
1 0053297   000037132   第一样本阅览室/ [索取号:I276.5/20] 在馆    
2 0053298   001520401   密集书库/ [索取号:I276.5/20] 在馆    
3 0053299   001520394   密集书库/ [索取号:I276.5/20] 在馆    
4 0053300   001923271   密集书库/ [索取号:I276.5/20] 在馆    
5 0053301   001520367   密集书库/ [索取号:I276.5/20] 在馆    
6 0075366   001520358   密集书库/ [索取号:I276.5/20] 在馆    
7 0075367   000037123   第二借阅区/ [索取号:I276.5/20] 在馆    
8 0075368   000037141   第二借阅区/ [索取号:I276.5/20] 在馆    
9 0075369   001520385   密集书库/ [索取号:I276.5/20] 在馆    
10 0075370   001520376   密集书库/ [索取号:I276.5/20] 在馆    
唐山师范学院图书馆 欢迎您!
大连网信软件有限公司© 版权所有